| 000 | 02199cam a2200277zu 4500 | ||
|---|---|---|---|
| 001 | 88921367 | ||
| 003 | FRCYB88921367 | ||
| 005 | 20251020123413.0 | ||
| 006 | m o d | ||
| 007 | cr un | ||
| 008 | 251020s2013 fr | o|||||0|0|||fre d | ||
| 020 | _a9782200350604 | ||
| 035 | _aFRCYB88921367 | ||
| 040 |
_aFR-PaCSA _bfr _c _erda |
||
| 100 | 1 | _aLemire, Vincent | |
| 245 | 0 | 1 |
_aJérusalem 1900 _bLa ville sainte à l'âge des possibles _c['Lemire, Vincent'] |
| 264 | 1 |
_bArmand Colin _c2013 |
|
| 300 | _a p. | ||
| 336 |
_btxt _2rdacontent |
||
| 337 |
_bc _2rdamdedia |
||
| 338 |
_bc _2rdacarrier |
||
| 650 | 0 | _a | |
| 700 | 0 | _aLemire, Vincent | |
| 856 | 4 | 0 |
_2Cyberlibris _uhttps://international.scholarvox.com/netsen/book/88921367 _qtext/html _a |
| 520 | _aJérusalem n'a pas toujours été un champ de bataille. À l'orée du XXe siècle, une autre histoire se dessine, portée par l'émergence d'une identité citadine partagée, loin des dérives communautaristes qui semblent aujourd'hui l'emporter. Cette histoire a longtemps été oubliée et mérite à elle seule d'être racontée. On y croise un maire arabe polyglotte, un député ottoman franc-maçon, des Juifs levantins, mais aussi des archéologues occidentaux occupés à creuser le sous-sol pour faire ressurgir les lieux saints de la « Jérusalem biblique ». Vincent Lemire restitue cette période exceptionnelle en s'appuyant sur les recherches les plus récentes et sur de nombreuses sources inédites, notamment les archives de la municipalité ottomane de Jérusalem. Alors que la ville sainte est aujourd'hui à un nouveau tournant de son histoire et que la question de son partage se pose une fois encore, il faut se souvenir de cet « âge des possibles » qui peut livrer quelques clés pour mieux comprendre le présent et envisager l'avenir.Vincent Lemire, ancien élève de l'ENS Fontenay-Saint-Cloud, est maître de conférences à l'université Paris-Est Marne-la-Vallée. Il est actuellement en délégation CNRS au Centre de recherche français à Jérusalem. Spécialiste d'histoire urbaine, il a notamment publié La soif de Jérusalem. Essai d'hydrohistoire, 1840-1948 (2011). | ||
| 999 |
_c1554086 _d1554086 |
||